000 03092cam a22003858i 4500
001 21775749
003 CSPC
005 20250903142856.0
008 201028s2021 enk b 001 0 eng
010 _a 2020047721
020 _a9780367742430
_q(paperback)
035 _a21775749
040 _aDLC
_beng
_erda
_cDLC
_dCSPC
042 _apcc
050 0 0 _aH62
_b.B523 2021
082 0 0 _a001.4
_bB497p
_223
100 1 _aBilorusky, John A.
_q(John Alan),
_eauthor.
245 1 0 _aPrinciples and methods of transformative action research :
_ba half century of living and doing collaborative inquiry /
_cJohn A. Bilorusky.
263 _a2104
264 1 _aAbingdon, Oxon ;
_aNew York, NY :
_bRoutledge,
_c2021.
300 _axix, 217 pages ;
_c23 cm.
336 _atext
_btxt
_2rdacontent
337 _aunmediated
_bn
_2rdamedia
338 _avolume
_bnc
_2rdacarrier
504 _aIncludes bibliographical references and index.
505 0 _aPart I. The foundations -- Introduction -- Principles, themes, and concepts -- Building on intellectual traditions -- Research and society are interconnected -- Part II. Methods of action research - steps in the process -- Asking questions -- Data-gathering and sampling -- Part III. Important considerations in doing transformative actions research -- Immediate tasks and bigger picture -- Inquiring more deeply -- Community knowledge-building -- Ethical considerations -- Concluding remarks.
520 _a"Fifty Years of Living and Doing Transformative Inquiry Through Action Research draws on author John Bilorusky's liftetime experiences of conducting action research in real-world settings. The two volumes (this book and Transformative Inquiry Through Action Research in Practice) comprehensively lay out the principles of and examine case studies in action research. In doing so, they address a whole host of situational complexities which are often encountered in doing action-research in a "real world" setting. The books discuss in detail very specific techniques such as interviewing, but also articulate fundamental principles of action research which must be adapted to varying circumstances, without reducing strategies to formulas. In showcasing action research in educational, health, governmental and other settings, this book will be suitable for students coming to action research for the first time and for researchers wanting to widen their knowledge and experience of this method in practice"--
_cProvided by publisher.
650 0 _aAction research
_xMethodology.
650 0 _aEvaluation research (Social action programs)
_xMethodology.
776 0 8 _iOnline version:
_aBilorusky, John A. (John Alan).
_tPrinciples and methods of transformative action research
_dAbingdon, Oxon ; New York, NY : Routledge, 2021.
_z9781003156741
_w(DLC) 2020047722
906 _a7
_bcbc
_corignew
_d1
_eecip
_f20
_gy-gencatlg
942 _2ddc
_cBK
_e23
_h001.4
_iB497p
_kGRD
_m2021
_n0
999 _c30289
_d30289